Library Banner

Islam at the crossroads / (Record no. 9248)

MARC details
000 -LEADER
fixed length control field 00431nam a2200181Ia 4500
001 - CONTROL NUMBER
control field 7852
005 - DATE AND TIME OF LATEST TRANSACTION
control field 20170116100453.0
008 - FIXED-LENGTH DATA ELEMENTS--GENERAL INFORMATION
fixed length control field 140321s9999 xx 000 0 und d
040 ## - CATALOGING SOURCE
Transcribing agency PK-LaUMT
082 ## - DEWEY DECIMAL CLASSIFICATION NUMBER
Classification number 297
Item number ASA-I
100 ## - MAIN ENTRY--PERSONAL NAME
Personal name Asad, Muhammad
245 ## - TITLE STATEMENT
Title Islam at the crossroads /
Statement of responsibility, etc Muhammad Asad
260 ## - PUBLICATION, DISTRIBUTION, ETC. (IMPRINT)
Date of publication, distribution, etc 1991
Place of publication, distribution, etc Lahore :
Name of publisher, distributor, etc Islamic Book Service,
300 ## - PHYSICAL DESCRIPTION
Extent 119 p.
546 ## - LANGUAGE NOTE
Language note EN
650 ## - SUBJECT ADDED ENTRY--TOPICAL TERM
Topical term or geographic name as entry element Islam
942 ## - ADDED ENTRY ELEMENTS (KOHA)
Koha item type Books
Holdings
Withdrawn status Lost status Damaged status Home library Current library Date acquired Full call number Barcode Date last seen Price effective from Koha item type Copy number
      UMT Main Campus UMT Main Campus 2014-03-21 297 MUH-I 8868 2021-08-02 2014-03-21 Books  
      UMT Main Campus UMT Main Campus 2017-01-16 297 MUH-I 104066 2023-08-24 2017-01-16 Books C. 2